Democracia sin exclusión ni excluidos
Gespeichert in:
| 1. Verfasser: | |
|---|---|
| Format: | Buch |
| Sprache: | Spanisch |
| Veröffentlicht: |
Ciudad de México
Nueva Sociedad
1998
|
| Schlagworte: | |
| Tags: |
Tag hinzufügen
Keine Tags, Fügen Sie den ersten Tag hinzu!
|
MARC
| LEADER | 00000nam a2200000 a 4500 | ||
|---|---|---|---|
| 001 | UCP3122 | ||
| 003 | CL-VaPUC | ||
| 008 | 990611e19980000MX |||||||||||||||||spa|d | ||
| 082 | 0 | 4 | |a 303.4 |b SAD |2 21 |
| 100 | 0 | |a Sader, Emir |e author |9 430245 | |
| 245 | 1 | 0 | |a Democracia sin exclusión ni excluidos |
| 300 | |a 236 p | ||
| 942 | |c BK | ||
| 945 | |d 19990611 00:00:00 |a rbrito | ||
| 260 | |a Ciudad de México |b Nueva Sociedad |c 1998 | ||
| 650 | 0 | |a Democracia |9 255256 | |
| 650 | 0 | |a Cambio social |9 256857 | |
| 650 | 0 | |a Globalización |9 361930 | |
| 650 | 0 | |a Socialismo |9 255260 | |
| 650 | 0 | |a Neoliberalismo |9 330090 | |
| 583 | |a last modification |c 19990611 00:00:00 |k Rodrigo Vera | ||
| 999 | |c 281550 |d 281548 | ||
| 952 | |0 0 |1 0 |4 0 |6 303_400000000000000_SAD_1998 |7 0 |8 A |9 322340 |a BIBGIM |b BIBGIM |d 2019-11-20 |i 3511057 |l 1 |o 303.4 SAD 1998 |p 3511057 |r 2025-01-15 |s 2022-09-01 |w 2019-11-20 |y BK |k SSL | ||